000 01185nam a22003617a 4500
003 CHAP
005 20220329143513.0
008 100303s2004 mx a r 00010 spa d
010 _a97656
011 _a98628
035 _a109313
040 _cCHAP
082 1 4 _a612.01421
_bG56
100 1 _aGoiz Durán, Isaac.
_948530
245 1 3 _aEl fenómeno tumoral
_c/por Isaac Goiz Durán
250 _a2 ed.
260 _aMéxico, D. F. :
_bUniversidad Autónoma Chapingo,
_c2004
300 _a290 p. :
_bilus.
590 _aBATCH-UPD
_b10
_c20130110
_lUCH01
_h1911
590 _aBATCH-UPD
_b10
_c20130410
_lUCH01
_h1237
590 _aBATCH-UPD
_b10
_c20130914
_lUCH01
_h0639
590 _aCONVERSION
_b10
_c20130109
_lUCH01
_h1354
650 1 4 _aAcupuntura.
_9813
650 1 4 _aBioenergética.
_912730
650 1 4 _aBiomagnetismo.
_912824
650 1 4 _aMedicina alternativa.
_973914
650 1 4 _aMedicina física.
_973918
650 1 4 _aMedicina
_xInvestigación.
_973911
901 _aBK
942 _cLIBRO
949 _a612.01421 G56
_bBC
_cLIBRO
_d33724002202611
_eLIBRO
_gI.c/e
_h112005
_i109313
_si
949 _a612.01421 G56
_bBC
_cUACH
_d33724002169793
_eUACH
_fc.2
_gI.c/e
_h112383
_i109313
_sb
999 _c97656
_d97656